[Event "CECLUB Finals"]
[Site "Calvia ESP"]
[Date "2007.10.21"]
[Round "2"]
[White "Adams,Mi"]
[Black "Alekseev,Evgeny"]
[Result "1/2-1/2"]
[WhiteElo "2729"]
[BlackElo "2716"]

1.e4 c5 2.Nf3 d6 3.d4 cxd4 4.Nxd4 Nf6 5.Nc3 a6 6.g3 e5 7.Nb3 Be7 8.Bg2 b5
9.O-O O-O 10.a4 b4 11.Nd5 Nxd5 12.Qxd5 Ra7 13.Be3 Be6 14.Qd2 Rb7 15.Rfd1 Qc7
16.Rac1 Nd7 17.Bf1 Ra8 18.c4 a5 19.Qc2 Qc6 20.Rd5 Bxd5 21.cxd5 Qxc2 22.Rxc2 Bd8
23.Bb5 Rxb5 24.axb5 a4 25.Nd2 Kf8 26.Rc6 a3 27.bxa3 bxa3 28.Ra6 Nb6 29.Kf1 a2
30.Nb3 Rb8 31.Nd2 Ra8  1/2-1/2

[Event "IV Open"]
[Site "Calvia ESP"]
[Date "2007.10.21"]
[Round "7"]
[White "Cornette,M"]
[Black "Cruz Condori,A"]
[Result "1-0"]
[WhiteElo "2494"]
[BlackElo "2149"]

1.e4 c5 2.Nf3 a6 3.Nc3 d6 4.d4 cxd4 5.Nxd4 Nf6 6.g3 b5 7.Bg2 Bb7 8.O-O Nbd7
9.Re1 e6 10.e5 Bxg2 11.exf6 Bb7 12.Nxe6 fxe6 13.Rxe6+ Kf7 14.fxg7 Bxg7 15.Rxd6 Nf6
16.Bg5 Re8 17.Bxf6 Re1+ 18.Qxe1 Qxd6 19.Rd1 Qxf6 20.Rd7+ Kf8 21.Rxb7 Re8
22.Qd2 Qf3 23.Qd6+ Kg8 24.Re7 Rxe7 25.Qxe7 Bxc3 26.Qd8+ Kg7 27.Qc7+ Kg6 28.Qxc3 Qd1+
29.Kg2 Qd5+ 30.Qf3 Qxa2 31.Qb3 Qb1 32.Qg8+ Kh6 33.h4 Qc1 34.b4 Qd2 35.Kh3 Qc1
36.Qg5+ Qxg5 37.hxg5+ Kxg5 38.f4+ Kh5 39.g4+ Kg6 40.Kh4 Kh6 41.f5 Kg7 42.Kg5  1-0

[Event "7th Rohde Open"]
[Site "Sautron FRA"]
[Date "2007.10.31"]
[Round "6"]
[White "Edouard,R"]
[Black "Bogner,S"]
[Result "0-1"]
[WhiteElo "2472"]
[BlackElo "2383"]

1.e4 c5 2.Nf3 d6 3.d4 cxd4 4.Nxd4 Nf6 5.Nc3 a6 6.g3 e5 7.Nb3 Be7 8.Bg2 O-O
9.O-O Nbd7 10.a4 b6 11.Re1 Bb7 12.Nd2 Rc8 13.Nf1 Rc5 14.Ne3 g6 15.h3 Qa8
16.Ng4 Rxc3 17.Nxf6+ Nxf6 18.bxc3 Nxe4 19.c4 Rc8 20.Bf1 f5 21.Qe2 f4 22.gxf4 Bh4
23.Kh2 Bxf2 24.Rd1 Bg3+ 25.Kg1 exf4 26.Qg4 Rf8 27.Bg2 Qe8 28.Bb2 f3 29.Bxf3 h5
30.Bxe4 hxg4 31.Bxb7 Qe2  0-1

[Event "TCh-BEL 2007-8"]
[Site "Belgium BEL"]
[Date "2007.11.04"]
[Round "3"]
[White "Berelovich,A"]
[Black "Piceu,T"]
[Result "1-0"]
[WhiteElo "2595"]
[BlackElo "2304"]

1.e4 c5 2.Nf3 d6 3.d4 cxd4 4.Nxd4 Nf6 5.Nc3 a6 6.g3 e5 7.Nb3 Be7 8.Bg2 O-O
9.O-O b5 10.a4 Bb7 11.axb5 axb5 12.Rxa8 Bxa8 13.Bg5 Nbd7 14.Nxb5 Nxe4 15.Bxe7 Qxe7
16.Nc7 Bb7 17.Nd5 Bxd5 18.Qxd5 Ndf6 19.Qc6 Ng5 20.Ra1 h5 21.Nd2 Rd8 22.b4 d5
23.b5 e4 24.Nf1 Rd6 25.Qc8+ Rd8 26.Qc6 Rd6 27.Qc8+ Rd8 28.Qf5 Ne6 29.Qe5 Qb4
30.Ne3 d4 31.Nf5 Qc3 32.Rf1 Qxc2 33.Ne7+ Kh8 34.Nc6 Rd5 35.Qb8+ Kh7 36.Nb4 Qc5
37.Nxd5 Qxd5 38.b6 d3 39.Qa7 Nc5 40.Qa5 Qd4 41.Qa1 Qb4 42.Rb1 Nb3 43.Qa2 d2
44.Qc2 Qd4 45.b7 Nc1 46.Bf3 Nd3 47.Qxd2 Nd7 48.Bg2 Qe5 49.b8=Q Nxb8 50.Rxb8  1-0

[Event "ch-IND w"]
[Site "Pune IND"]
[Date "2007.11.15"]
[Round "11"]
[White "Swathi,G"]
[Black "Karavade,E"]
[Result "1-0"]
[WhiteElo "2316"]
[BlackElo "2331"]

1.e4 c5 2.Nf3 d6 3.d4 cxd4 4.Nxd4 Nf6 5.Nc3 a6 6.g3 e5 7.Nde2 Nbd7 8.Bg2 b5
9.h3 Bb7 10.O-O Be7 11.g4 O-O 12.Ng3 b4 13.Nd5 Nxd5 14.exd5 Bg5 15.Bxg5 Qxg5
16.a3 bxa3 17.Rxa3 Rab8 18.Nf5 Qf6 19.c4 Bc8 20.Qd2 Nb6 21.Ne3 Qf4 22.Rc1 f5
23.gxf5 Bxf5 24.b4 Nc8 25.Rxa6 Be4 26.Nf1 Qxd2 27.Nxd2 Bxg2 28.Kxg2 Rxb4
29.Rb1 Rxb1 30.Nxb1 Kf7 31.Nd2 Rd8 32.Ne4 h6 33.Rc6 Ke7 34.Rc7+ Kf8 35.Kf3 Ne7
36.Ra7 h5 37.Ng5 Rc8 38.c5 Nf5 39.Rf7+  1-0

[Event "WYb14"]
[Site "Kemer TUR"]
[Date "2007.11.18"]
[Round "1"]
[White "Prasanna,Ra"]
[Black "Arvola,B"]
[Result "1-0"]
[WhiteElo "2228"]
[BlackElo "2051"]

1.e4 c5 2.Nf3 d6 3.d4 cxd4 4.Nxd4 Nf6 5.Nc3 a6 6.g3 e5 7.Nb3 Nbd7 8.a4 b6
9.Bg2 Bb7 10.O-O Rc8 11.Re1 Be7 12.Nd2 Rc5 13.Nf1 Qa8 14.Bg5 h6 15.Bxf6 Nxf6
16.Qd3 O-O 17.Ne3 Rfc8 18.Ra3 Bf8 19.Rb3 b5 20.axb5 axb5 21.Ra3 Qb8 22.b4 R5c6
23.Rea1 Rb6 24.Nxb5 d5 25.exd5 Bxb4 26.Ra4 Bc5 27.c4 Ne8 28.Nf5 Bf8 29.Qe3 Rf6
30.Bh3 Bxd5 31.Ne7+ Bxe7 32.Bxc8 Bc6 33.Bg4 Nc7 34.Qxe5 Qb6  1-0

[Event "WYb18"]
[Site "Kemer TUR"]
[Date "2007.11.22"]
[Round "6"]
[White "Genzling,A"]
[Black "Lee Kim Han,E"]
[Result "1-0"]
[WhiteElo "2279"]
[BlackElo "2045"]

1.e4 c5 2.Nf3 d6 3.d4 cxd4 4.Nxd4 Nf6 5.Nc3 a6 6.g3 e5 7.Nb3 Be7 8.Bg2 O-O
9.O-O Be6 10.Re1 b5 11.Nd2 Nbd7 12.a3 Qc7 13.Nf1 h6 14.Ne3 Nb6 15.Qd3 Rac8
16.Ncd5 Nfxd5 17.exd5 Bd7 18.Nf5 Bxf5 19.Qxf5 g6 20.Qh3 h5 21.g4 Qd7 22.Be3 hxg4
23.Qg3 Nc4 24.Bh6 Rfe8 25.b3 Nb6 26.h3 Rxc2 27.Be4 Rcc8 28.hxg4 Qd8 29.g5 Bf8
30.Bxf8 Rxf8 31.Kg2 Re8 32.Rh1 Kf8 33.Rh2 Kg7 34.Bxg6 Kf8 35.Qf3 Qe7  1-0

[Event "TCh-HUN 2007-8"]
[Site "Budapest HUN"]
[Date "2007.11.25"]
[Round "3"]
[White "Lakos,N"]
[Black "Bacso,G"]
[Result "1/2-1/2"]
[WhiteElo "2317"]
[BlackElo "2153"]

1.e4 c5 2.Nf3 d6 3.d4 cxd4 4.Nxd4 Nf6 5.Nc3 a6 6.g3 e5 7.Nb3 Be7 8.Bg2 O-O
9.O-O Qc7 10.Re1 Nbd7 11.a4 b6 12.Nd2 Bb7 13.Nf1 Rac8 14.Ne3 g6 15.g4 Nc5
16.Ned5 Nxd5 17.Nxd5 Bxd5 18.exd5 Bf6 19.g5 Bg7 20.h4 f6 21.Bh3 fxg5 22.hxg5 b5
23.Ra3  1/2-1/2

[Event "WYb18"]
[Site "Kemer TUR"]
[Date "2007.11.25"]
[Round "8"]
[White "Viela,A"]
[Black "Blomqvist,E"]
[Result "1-0"]
[WhiteElo "2135"]
[BlackElo "2334"]

1.e4 c5 2.Nf3 d6 3.d4 cxd4 4.Nxd4 Nf6 5.Nc3 a6 6.g3 e6 7.Bg2 Be7 8.O-O O-O
9.h3 Qc7 10.Be3 Nc6 11.Nb3 b5 12.f4 Bb7 13.a3 Rfe8 14.g4 Rac8 15.Qd2 Bf8
16.Qf2 Qb8 17.g5 Nd7 18.h4 g6 19.Rad1 b4 20.axb4 Nxb4 21.Rd2 Ba8 22.Nc1 f5
23.exf5 gxf5 24.h5 Nc5 25.N1e2 Bxg2 26.Qxg2 Qb7 27.Qh3 Ne4 28.Nxe4 Qxe4 29.Nc3 Qb7
30.h6 Rc4 31.Rfd1 Qf7 32.Rf2 Rec8 33.Rd4 Qg6 34.Kh1 R8c7 35.Qf1 d5 36.Rxc4 Rxc4
37.Rd2 Qh5+ 38.Rh2 Qe8 39.Qf2 Qc6 40.Rg2 d4 41.Bxd4 Nxc2 42.Be5 Nb4 43.g6 hxg6
44.Qh4 Bxh6  1-0

[Event "20th Belgrade Trophy"]
[Site "Belgrade SRB"]
[Date "2007.11.27"]
[Round "6"]
[White "Stanojoski,Z"]
[Black "Tadic,B"]
[Result "1-0"]
[WhiteElo "2467"]
[BlackElo "2484"]

1.e4 c5 2.Nf3 d6 3.d4 cxd4 4.Nxd4 Nf6 5.Nc3 a6 6.g3 e5 7.Nde2 Be7 8.Bg2 Nbd7
9.h3 b5 10.g4 b4 11.Nd5 Nxd5 12.exd5 a5 13.O-O Ba6 14.Re1 O-O 15.Ng3 g6 16.Bh6 Re8
17.a3 Qb6 18.Be3 Qb7 19.axb4 axb4 20.b3 Rec8 21.Qd2 Bd8 22.Ne4 Qb8 23.Ra4 f5
24.gxf5 gxf5 25.Ng3 f4 26.Bxf4 exf4 27.Re8+ Kf7 28.Rxd8 Rxd8 29.Qxf4+ Kg8
30.Nf5 Kh8 31.Rxb4 Qa7 32.Qh6 Rg8 33.Rh4 Ne5 34.Qf6+ Rg7 35.Kh1 Be2  1-0

[Event "Parsvnath ch-Commonwealth"]
[Site "New Delhi IND"]
[Date "2007.12.04"]
[Round "3"]
[White "Deepan,C"]
[Black "Shyam,N"]
[Result "1-0"]
[WhiteElo "2492"]
[BlackElo "2295"]

1.e4 c5 2.Nf3 d6 3.d4 cxd4 4.Nxd4 Nf6 5.Nc3 a6 6.g3 e5 7.Nde2 b5 8.Bg2 Bb7
9.O-O Be7 10.h3 Nbd7 11.g4 b4 12.Nd5 Nxd5 13.exd5 a5 14.Ng3 g6 15.Bh6 Ba6
16.Re1 Bg5 17.Bxg5 Qxg5 18.Ne4 Qe7 19.f4 f5 20.gxf5 gxf5 21.Qh5+ Kd8 22.Qxf5 Rf8
23.Qe6 Rxf4 24.Nxd6 Qf8 25.Ne4 Bb7 26.Qd6 Ra6 27.Qxf8+ Rxf8 28.Rad1 Rg6 29.Kh2 Rf4
30.Rd2 Kc7 31.c4 bxc3 32.bxc3 Ba6 33.Re3 Bc4 34.Rg3 Rxg3 35.Kxg3 h6 36.h4 Kd8
37.a3 Ke7 38.Bf3 Kd8 39.Nd6 Ke7 40.Nb7 Ba6 41.d6+ Kf8 42.Nxa5 Ra4 43.Bc6 Rxa5
44.Bxd7 Rxa3 45.Bf5 Rxc3+ 46.Kh2 Bb5 47.d7 Bxd7 48.Rxd7 e4 49.Rd4 e3 50.Bg4 Kg7
51.Kg3 Rc1 52.Be2 Rc7 53.Re4 Rc3 54.Kf3 Ra3 55.Rd4 Kf6 56.Rd6+ Kg7 57.Rd4 Kf6
58.Bd3 Kg7 59.Kxe3 Ra7 60.Rd6 Rf7 61.Rg6+ Kh8 62.Rxh6+ Kg7 63.Rg6+ Kh8 64.Be4 Rh7
65.Rg4 Rf7 66.Bf3 Rf6 67.Ra4 Rf8 68.Ra7 Rf6 69.Kf2 Rg6 70.h5 Rg7 71.Ra6 Rg5
72.Ke3 Rg8 73.Kf4 Rf8+ 74.Kg4 Re8 75.Kg5 Rg8+ 76.Kh6 Re8 77.Be4 Rg8 78.Bh7 Rf8
79.Ra7 Rf6+ 80.Bg6 Rf8  1-0

[Event "Parsvnath ch-Commonwealth"]
[Site "New Delhi IND"]
[Date "2007.12.04"]
[Round "3"]
[White "Sai,Sr"]
[Black "Arun Prasad,S"]
[Result "0-1"]
[WhiteElo "2302"]
[BlackElo "2423"]

1.e4 c5 2.Nf3 d6 3.d4 cxd4 4.Nxd4 Nf6 5.Nc3 a6 6.g3 e5 7.Nde2 Be7 8.Bg2 Nbd7
9.a4 b6 10.h3 Bb7 11.g4 Nc5 12.Ng3 g6 13.Nd5 Nxd5 14.exd5 a5 15.Bf1 Bg5 16.Bb5+ Kf8
17.c3 e4 18.O-O Bxc1 19.Rxc1 h5 20.gxh5 gxh5 21.b4 Nd3 22.Bxd3 exd3 23.Qxd3 Qh4
24.Kh2 Bc8 25.Ne2 Rg8 26.Qe3 Rg5 27.Rg1 Re5 28.Qg3 Qxg3+ 29.Nxg3 h4 30.Nf1 Rxd5
31.Ne3 Rd2 32.Nc4 Rxf2+ 33.Rg2 Rxg2+ 34.Kxg2 Bb7+ 35.Kf2 axb4 36.Nxb6 Ra6
37.Nc4 b3 38.Rb1 Bd5 39.Nb2 Be4 40.Rg1 d5 41.Ke1 Rc6 42.Kd2 Rf6 43.Re1 Bg2
44.a5 Bxh3 45.Rh1 Bg2 46.Rxh4 Rf2+ 47.Kc1 Rc2+ 48.Kb1 Be4  0-1

[Event "Parsvnath ch-Commonwealth"]
[Site "New Delhi IND"]
[Date "2007.12.05"]
[Round "5"]
[White "Himanshu,Sh"]
[Black "Ramesh,R"]
[Result "1-0"]
[WhiteElo "2408"]
[BlackElo "2473"]

1.e4 c5 2.Nf3 d6 3.d4 cxd4 4.Nxd4 Nf6 5.Nc3 a6 6.g3 e5 7.Nde2 Be7 8.Bg2 Nbd7
9.h3 b5 10.g4 b4 11.Nd5 Nxd5 12.Qxd5 Rb8 13.Ng3 O-O 14.Be3 Nb6 15.Qd3 Bd7
16.b3 Qc7 17.Nf5 Bxf5 18.gxf5 a5 19.O-O Nd7 20.Kh1 Nf6 21.Rad1 Rfc8 22.Rd2 Qb7
23.c4 bxc3 24.Rc2 Qb4 25.Rfc1 d5 26.exd5 e4 27.Qd4 Qxd4 28.Bxd4 Nxd5 29.Bxe4 Rb4
30.Rd1 Rxd4 31.Rxd4 Nb4 32.Re2 Bf6 33.Rc4 Rd8 34.a3 Na6 35.b4 axb4 36.axb4 Nb8
37.Re3 Kf8 38.b5 Nd7 39.Rd3 Ke7 40.f4 Nb6 41.Rc7+ Ke8 42.Rxd8+ Kxd8 43.Rc6 Nc8
44.b6 Ne7 45.Rc4  1-0

[Event "Parsvnath ch-Commonwealth"]
[Site "New Delhi IND"]
[Date "2007.12.05"]
[Round "5"]
[White "Prasanna,Ra"]
[Black "Anusha,N"]
[Result "1-0"]
[WhiteElo "2228"]
[BlackElo "1843"]

1.e4 c5 2.Nf3 d6 3.d4 cxd4 4.Nxd4 Nf6 5.Nc3 a6 6.g3 e5 7.Nb3 Be7 8.Bg2 Nbd7
9.a4 b6 10.O-O O-O 11.Re1 Bb7 12.Nd2 Qc7 13.Nf1 Nc5 14.Bg5 Ne6 15.Bxf6 Bxf6
16.Ne3 Nd4 17.Rc1 Bg5 18.Ncd5 Qd8 19.f4 Be7 20.c3 exf4 21.Nxe7+ Qxe7 22.Nd5 Bxd5
23.exd5 Qg5 24.gxf4 Qxf4 25.Qxd4 Qg5 26.Qxb6 f5 27.Qf2 f4 28.Qf3 Rf6 29.Re6 Raf8
30.Rxf6 Rxf6 31.Re1 Rf8 32.Kh1 Qf5 33.Bf1 Qg5 34.Bd3 Qh4 35.Re2 g5 36.h3 h5
37.Qe4 Qxh3+ 38.Rh2 Qd7 39.Qg6+ Qg7 40.Qe6+ Qf7 41.Rxh5 Qxe6 42.dxe6  1-0

[Event "17th TCh-SLO w"]
[Site "Ljubljana SLO"]
[Date "2007.12.08"]
[Round "8"]
[White "Mihevc,N"]
[Black "Vucko,M"]
[Result "1-0"]
[WhiteElo "2131"]
[BlackElo "1976"]

1.e4 c5 2.Nf3 d6 3.d4 cxd4 4.Nxd4 Nf6 5.Nc3 a6 6.g3 e6 7.Bg2 Qc7 8.O-O Be7
9.a4 O-O 10.h3 Nc6 11.Nb3 Rd8 12.Bf4 Bd7 13.g4 h6 14.a5 Na7 15.Be3 Rdc8 16.Bb6 Qb8
17.Qd2 Bd8 18.Be3 Nb5 19.Nxb5 Bxb5 20.Rfd1 Bc6 21.Qd4 Ne8 22.c3 Bc7 23.c4 Rd8
24.g5 hxg5 25.Bxg5 Rd7 26.Qc3 Bd8 27.h4 Nf6 28.Qd3 b5 29.cxb5 Bxb5 30.Qg3 Bc6
31.Re1 Qb7 32.e5 dxe5 33.Bxc6 Qxc6 34.Qxe5 Bc7 35.Qc3 Qxc3 36.bxc3 Rd3 37.Re3 Rxe3
38.Bxe3 Nd5 39.Bd2 Be5 40.Rc1 Rc8 41.c4 Nf4 42.Kf1 Nd3 43.Rc2 Rb8 44.Nc1 Nb4
45.Bxb4 Rxb4 46.Nd3 Rb1+ 47.Ke2 Bf6 48.c5 Bd8 49.c6 Rb5 50.c7 Bxc7 51.Rxc7 Rxa5
52.Nc5 Ra3 53.Ra7 a5 54.f3 Ra2+ 55.Ke3 Rh2 56.Ne4 Rxh4 57.Ng5 a4  1-0

[Event "KNSB TCh-NED 2007-8"]
[Site "Netherlands NED"]
[Date "2007.12.15"]
[Round "5"]
[White "Hoolt,S"]
[Black "Spoelman,W"]
[Result "0-1"]
[WhiteElo "2199"]
[BlackElo "2445"]

1.e4 c5 2.Nf3 d6 3.d4 cxd4 4.Nxd4 Nf6 5.Nc3 a6 6.g3 e5 7.Nde2 Be7 8.Bg2 O-O
9.h3 b5 10.g4 Bb7 11.Ng3 b4 12.Nd5 Nxd5 13.exd5 Nd7 14.O-O Rc8 15.a3 Qc7
16.Nf5 Rfe8 17.Be4 Nf6 18.Nxe7+ Rxe7 19.Bf5 Nxd5 20.Bxc8 Qxc8 21.axb4 Qc6
22.f3 Nxb4 23.c3 Nd5 24.Ra4 Qc5+ 25.Rf2 Nb6 26.b4 Qc6 27.Raa2 e4 28.Rae2 Nd5
29.b5 axb5 30.Rxe4 Nxc3 31.Rxe7 Nxd1 32.Rc2 Qb6+ 33.Be3 Qd8 34.Bg5 h6 35.Rcc7 Bd5
36.Bf4 Be6  0-1

[Event "7th Amplico AIG Life"]
[Site "Warsaw POL"]
[Date "2007.12.15"]
[Round "7"]
[White "Gasik,An"]
[Black "Szelag,M"]
[Result "0-1"]
[WhiteElo "2191"]
[BlackElo "2478"]

1.e4 c5 2.Nf3 d6 3.d4 cxd4 4.Nxd4 Nf6 5.Nc3 a6 6.g3 e5 7.Nb3 Be7 8.Bg2 O-O
9.O-O b5 10.Kh1 Bb7 11.a3 Nbd7 12.Be3 Rc8 13.f4 Rxc3 14.bxc3 Nxe4 15.Qe1 Qc7
16.Kg1 Ndf6 17.fxe5 dxe5 18.Rd1 Nxc3 19.Rd3 Ncd5 20.Qe2 e4 21.Rd2 Bxa3 22.Bd4 Re8
23.g4 h6 24.h4 Qg3 25.Bf2 Qxg4 26.Qxg4 Nxg4 27.Re2 Nc3 28.Ree1 e3 29.Bg3 Bxg2
30.Kxg2 e2 31.Rf3 Bb4 32.Nd4 Re4 33.Nc6 a5 34.Nxb4 axb4 35.Rc1 Ne3+ 36.Kg1 Nxc2
37.Rxc2 e1=Q+ 38.Bxe1 Rxe1+ 39.Kf2 Re4 40.Rd2 Rxh4 41.Rd8+ Kh7 42.Rd7 f6
43.Rc7 Rc4  0-1

[Event "60th ch-RUS Superfinal"]
[Site "Moscow RUS"]
[Date "2007.12.22"]
[Round "4"]
[White "Timofeev,Arty"]
[Black "Vitiugov,N"]
[Result "0-1"]
[WhiteElo "2637"]
[BlackElo "2594"]

1.e4 c5 2.Nf3 d6 3.d4 cxd4 4.Nxd4 Nf6 5.Nc3 a6 6.g3 e5 7.Nde2 Be7 8.Bg2 O-O
9.O-O Nbd7 10.a4 b6 11.h3 Bb7 12.g4 Rc8 13.Ng3 Nc5 14.g5 Nfd7 15.h4 g6 16.Be3 Ne6
17.Bh3 Nf4 18.Bxf4 exf4 19.Nge2 f3 20.Nd4 Bxg5 21.hxg5 Qxg5+ 22.Kh1 Rxc3
23.bxc3 Qh4 24.Kh2 Ne5 25.Rg1 Qxf2+ 26.Kh1 Qh4 27.Kh2 Qf2+ 28.Kh1 Qh4 29.Kh2 h5
30.Nxf3 Qf4+ 31.Rg3 Bxe4 32.Ng5 h4 33.Nxe4 hxg3+ 34.Nxg3 Nf3+ 35.Kg2 Nh4+
36.Kh1 Qxg3 37.Qg4 Qxc3 38.Rf1 Qc6+ 39.Kg1 Qc5+ 40.Rf2 Nf5 41.Qf4 Re8 42.Bxf5 Qxf5
43.Qxf5 gxf5 44.Rd2 Re6 45.c4 Re4 46.Rxd6 Rxc4 47.Rxb6 Rxa4 48.Kf2 Kg7 49.Kf3 a5
50.Ke3 f6 51.Kf3 Kg6 52.Rb8 Ra1 53.Rg8+ Kf7 54.Rg2 a4 55.Kf4 Rf1+ 56.Kg3 Rb1
57.Rc2 a3 58.Kf4 Rb4+ 59.Kxf5 Rb5+ 60.Kf4  0-1

[Event "Harmonie Open A"]
[Site "Groningen NED"]
[Date "2007.12.27"]
[Round "6"]
[White "Michielsen,J"]
[Black "Otte,Mari"]
[Result "1/2-1/2"]
[WhiteElo "2309"]
[BlackElo "2155"]

1.e4 c5 2.Nf3 d6 3.d4 cxd4 4.Nxd4 Nf6 5.Nc3 a6 6.g3 g6 7.Bg2 Bg7 8.O-O O-O
9.a4 Nc6 10.Nde2 Rb8 11.Nd5 b5 12.c3 b4 13.Bd2 Nxd5 14.exd5 bxc3 15.bxc3 Na5
16.Nd4 Bxd4 17.cxd4 Nb3 18.Ra3 Nxd2 19.Qxd2 a5 20.h4 Rb4 21.h5 Qb6 22.hxg6 hxg6
23.Qg5 Bd7 24.Qxe7 Bxa4 25.Rf3 Bb3 26.Rf6 a4 27.Rxd6 Qxd4 28.Bh3 Rbb8 29.Be6 Qg7
30.Rd7 Rbe8 31.Qg5 Rxe6 32.dxe6 Bxe6 33.Rd8 Rxd8 34.Qxd8+ Qf8 35.Qf6 Qg7
36.Qd8+ Qf8 37.Qh4 a3 38.Rd1 a2 39.Qf6 Bb3 40.Rd3 Bc4 41.Rd7 Qe8 42.Rd6 Qe1+
43.Kh2 Qxf2+ 44.Qxf2 a1=Q 45.Qf4 Qh8+ 46.Kg1 Qa1+ 47.Kg2 Qb2+ 48.Rd2 Bd5+
49.Kf2 Qb6+ 50.Ke2 Qb5+ 51.Ke3 Qb6+ 52.Qd4 Qxd4+ 53.Kxd4 Be6 54.Ke5 Kg7 55.Rd6 Ba2
56.g4 Bb3 57.g5 Bc4 58.Rc6 Bb3 59.Kd4 Ba2 60.Rb6 Kf8 61.Ra6 Bb3 62.Rb6  1/2-1/2

[Event "Premier"]
[Site "Hastings ENG"]
[Date "2008.01.06"]
[Round "10"]
[White "Satyapragyan,S"]
[Black "Bindrich,F"]
[Result "0-1"]
[WhiteElo "2404"]
[BlackElo "2512"]

1.e4 c5 2.Nf3 d6 3.d4 cxd4 4.Nxd4 Nf6 5.Nc3 a6 6.g3 Bd7 7.Bg2 Nc6 8.O-O e6
9.a4 Be7 10.Nb3 Na5 11.Nxa5 Qxa5 12.Re1 Bc6 13.Bf4 O-O 14.Qd2 Qc7 15.e5 dxe5
16.Bxe5 Qc8 17.Ne4 Nd5 18.Qd4 f6 19.Bd6 Rd8 20.Qc5 Rxd6 21.Nxd6 Qd7 22.c4 Bxd6
23.Qd4 Be5 24.Qd2 Nb6 25.Qxd7 Bxd7 26.Rac1 Nxa4 27.Bxb7 Rb8 28.Bxa6 Nc5  0-1

[Event "ITT"]
[Site "Villa Martelli Verano ARG"]
[Date "2008.01.08"]
[Round "5"]
[White "Granara Barreto,S"]
[Black "Fusco,L"]
[Result "1/2-1/2"]
[WhiteElo "2235"]
[BlackElo "2341"]

1.e4 c5 2.Nf3 d6 3.d4 Nf6 4.Nc3 cxd4 5.Nxd4 a6 6.g3 e5 7.Nb3 Nbd7 8.Bg2 b5
9.O-O Bb7 10.a4 b4 11.Nd5 Nxd5 12.exd5 a5 13.f4 Be7 14.Be3 O-O 15.Qd2 Bf6
16.fxe5 Nxe5 17.Bd4 Nc4 18.Qf2 Bxd4 19.Nxd4 Qg5 20.h4 Qe3 21.Nf5 Qxf2+ 22.Rxf2 Rfd8
23.Re1 Nxb2 24.Re7 Ba6 25.Nh6+ gxh6 26.Rfxf7 Bc4 27.g4 Nxa4 28.Rg7+ Kf8 29.Ref7+ Ke8
30.Rc7 Kf8 31.Rxh7 Kg8 32.Rcg7+ Kf8 33.g5 h5 34.Rc7 Kg8 35.g6 Nc5 36.Rhg7+ Kh8
37.Rh7+ Kg8 38.Rcg7+ Kf8 39.Rf7+ Kg8  1/2-1/2

[Event "ITT"]
[Site "Villa Martelli Verano ARG"]
[Date "2008.01.09"]
[Round "6"]
[White "Granara Barreto,S"]
[Black "Obregon,A"]
[Result "0-1"]
[WhiteElo "2235"]
[BlackElo "2355"]

1.e4 c5 2.Nf3 d6 3.d4 cxd4 4.Nxd4 Nf6 5.Nc3 a6 6.g3 e6 7.Bg2 Be7 8.O-O Qc7
9.Be3 Nc6 10.Nxc6 bxc6 11.Na4 O-O 12.c4 Bb7 13.Rc1 c5 14.Nc3 Nd7 15.f4 Rfe8
16.Qc2 Rad8 17.Qf2 Bf6 18.Ne2 Bxb2 19.Rb1 Ba3 20.Rb3 Bb4 21.a3 Ba5 22.Bf3 Bc6
23.g4 Rb8 24.Rd3 Rb2 25.Bc1 Rc2 26.Qh4 d5 27.exd5 exd5 28.cxd5 Bb5 29.d6 Qc8  0-1

[Event "ch-CUB"]
[Site "Santa Clara CUB"]
[Date "2008.01.12"]
[Round "5"]
[White "Blanco,H"]
[Black "Hernandez Carmenates,Hold"]
[Result "1-0"]
[WhiteElo "2403"]
[BlackElo "2590"]

1.e4 c5 2.Nf3 d6 3.d4 cxd4 4.Nxd4 Nf6 5.Nc3 a6 6.g3 Nc6 7.Bg2 Bd7 8.O-O e6
9.Nxc6 Bxc6 10.a4 Be7 11.a5 O-O 12.Be3 Nd7 13.Na4 f5 14.Nb6 Nxb6 15.Bxb6 Qd7
16.Re1 Bd8 17.Qd4 e5 18.Qb4 Bxb6 19.Qxb6 Rf6 20.Rad1 Raf8 21.Rd2 f4 22.Qb4 Rg6
23.Red1 Rff6 24.c4 Qe7 25.c5 fxg3 26.hxg3 dxc5 27.Rd8+ Rf8 28.Qc4+ Qe6 29.Qxc5 Rf6
30.Bf1 Bb5 31.Bxb5 axb5 32.Rxf8+ Rxf8 33.Qd5 Kf7 34.Qxb7+ Kg6 35.Qxb5 h5
36.Qd7 Qa2 37.Qd6+ Rf6 38.Qxe5 Kh6 39.Rd5  1-0

[Event "6th Parsvnath Open"]
[Site "New Delhi IND"]
[Date "2008.01.15"]
[Round "5"]
[White "Ganguly,S"]
[Black "Saravanan,V1"]
[Result "1-0"]
[WhiteElo "2579"]
[BlackElo "2379"]

1.e4 c5 2.Nf3 d6 3.d4 cxd4 4.Nxd4 Nf6 5.Nc3 a6 6.g3 e5 7.Nde2 Be7 8.Bg2 b5
9.O-O Bb7 10.h3 Nbd7 11.g4 b4 12.Nd5 Nxd5 13.exd5 Bg5 14.Bxg5 Qxg5 15.Qe1 a5
16.a3 h5 17.f4 Qd8 18.gxh5 Rxh5 19.Ng3 Rh6 20.axb4 Qb6+ 21.Kh2 axb4 22.Rxa8+ Bxa8
23.Nf5 Rh7 24.fxe5 Nxe5 25.Rf4 b3 26.Rb4 Qc7 27.Rc4 Rxh3+ 28.Bxh3 Qxc4 29.Nxd6+ Kd8
30.Qxe5 Qxc2+ 31.Bg2 Qh7+ 32.Kg3 Qg6+ 33.Kh3 Qd3+ 34.Qg3  1-0

[Event "Noteboom Mem A"]
[Site "Leiden NED"]
[Date "2008.02.03"]
[Round "6"]
[White "Van Oosterom,C"]
[Black "Damsma,R"]
[Result "1-0"]
[WhiteElo "2408"]
[BlackElo "2115"]

1.e4 c5 2.Nf3 d6 3.d4 cxd4 4.Nxd4 Nf6 5.Nc3 a6 6.g3 e6 7.Bg2 Be7 8.O-O O-O
9.Be3 Nc6 10.Nxc6 bxc6 11.e5 Nd5 12.exd6 Bxd6 13.Bd2 Rb8 14.b3 Be5 15.Qe1 Qc7
16.Rd1 Bb7 17.Na4 Rbe8 18.c4 Ne7 19.Ba5 Qb8 20.Nb6 Bc8 21.Nxc8 Rxc8 22.Rd7 Nf5
23.Qd2 Nd4 24.Rxd4 Bxd4 25.Qxd4 c5 26.Qa1  1-0

[Event "4th Open C Women"]
[Site "Moscow RUS"]
[Date "2008.02.03"]
[Round "2"]
[White "Larina,M"]
[Black "Butneva,L"]
[Result "1-0"]
[WhiteElo "2109"]
[BlackElo "1904"]

1.e4 c5 2.Nf3 d6 3.d4 cxd4 4.Nxd4 Nf6 5.Nc3 a6 6.g3 Bg4 7.f3 Bd7 8.Bg2 Qb6
9.Qd3 Nc6 10.Nxc6 Bxc6 11.Be3 Qc7 12.O-O e6 13.Rfd1 Be7 14.Bf4 Rd8 15.a4 O-O
16.a5 e5 17.Be3 Qd7 18.Bb6 Ra8 19.Bf1 Rfc8 20.Rab1 Qe6 21.b4 Nd7 22.Be3 Bf8
23.Rb2 Qf6 24.Kg2 Qe6 25.Nd5 Bb5 26.Qb3 Bxf1+ 27.Rxf1 Rc6 28.c4 Rac8 29.Rc1 g6
30.Rbc2 Kg7 31.b5 axb5 32.cxb5 Rxc2+ 33.Rxc2 Rxc2+ 34.Qxc2 Nc5 35.Qc4 f5
36.a6 bxa6 37.bxa6 fxe4 38.fxe4 Qd7 39.Nb6 Qa7 40.Bxc5 dxc5 41.Qb5 Kh6 42.Nc8 Qf7
43.a7 Qa2+ 44.Kf3 Qf7+ 45.Ke3 Qa2 46.Qb7 Qa3+ 47.Ke2 Qa2+ 48.Kf3 Qxh2 49.a8=Q Qh1+
50.Ke3 Qe1+ 51.Kd3 c4+ 52.Kxc4 Qc1+ 53.Kd5 Qc5+ 54.Ke6 Qc4+ 55.Qd5 Qf1 56.Qd2+ Kh5
57.Qh2+ Kg5  1-0

[Event "4th Open C Women"]
[Site "Moscow RUS"]
[Date "2008.02.05"]
[Round "4"]
[White "Larina,M"]
[Black "Tomilova,E"]
[Result "0-1"]
[WhiteElo "2109"]
[BlackElo "2276"]

1.e4 c5 2.Nf3 d6 3.d4 cxd4 4.Nxd4 Nf6 5.Nc3 a6 6.g3 e5 7.Nb3 Be7 8.Bg2 b5
9.Nd5 Nxd5 10.Qxd5 Ra7 11.Be3 Be6 12.Qd2 Rd7 13.Rd1 Nc6 14.f4 exf4 15.gxf4 Bh4+
16.Bf2 O-O 17.O-O Bxf2+ 18.Rxf2 Ne5 19.fxe5 dxe5 20.Qxd7 Bxd7 21.Nc5 Qc7
22.Nxd7 Re8 23.Rd5 Re6 24.Rfd2 h5 25.Nc5 Rg6 26.b4 Qe7 27.Kh1 Qg5 28.Nd7 Qe3
29.h3 f6 30.R5d3 Qe1+ 31.Kh2 h4 32.a3 Rg3 33.Nc5 Kh7 34.Ne6 f5 35.Rd1 Qe2
36.R1d2 Rxg2+  0-1

[Event "TCh-FIN 2007-8"]
[Site "Finland FIN"]
[Date "2008.02.09"]
[Round "6"]
[White "Hintikka,E"]
[Black "Myller,J"]
[Result "1-0"]
[WhiteElo "2133"]
[BlackElo "2163"]

1.e4 c5 2.Nf3 d6 3.d4 cxd4 4.Nxd4 Nf6 5.Nc3 a6 6.g3 g6 7.Bg2 Bg7 8.b3 O-O
9.Bb2 Bd7 10.O-O Nc6 11.Nd5 Ne8 12.Re1 e6 13.Ne3 Qf6 14.c3 Rc8 15.Qd2 g5
16.Nc4 Rd8 17.Rad1 Ne5 18.Nxe5 dxe5 19.Nf3 g4 20.Nh4 Qe7 21.Qc1 Bc6 22.Ba3 Qf6
23.h3 h5 24.hxg4 hxg4 25.Qe3 Nc7 26.Bxf8 Bxf8 27.Qe2 Bc5 28.Qxg4+ Kf8 29.Nf3 Nb5
30.Rxd8+ Qxd8 31.c4 Nc3 32.Ng5 Qd2 33.Rf1 Be7 34.Nh7+ Ke8 35.Qg8+ Kd7 36.Qxf7 Qh6
37.Re1 Kd8 38.Re3 Nxa2 39.Rd3+ Bd7 40.f4 Nc1 41.Rd2 Nxb3 42.Rd1 Nd4 43.Ng5 exf4
44.Rxd4 Qxg5 45.Qxe6  1-0

[Event "10th TCh-Euro sen"]
[Site "Dresden GER"]
[Date "2008.02.11"]
[Round "1"]
[White "Watzka,H"]
[Black "Standal,B"]
[Result "1-0"]
[WhiteElo "2321"]
[BlackElo "1901"]

1.e4 c5 2.Nf3 d6 3.d4 cxd4 4.Nxd4 Nf6 5.Nc3 a6 6.g3 g6 7.Bg2 Bg7 8.h3 O-O
9.O-O e5 10.Nde2 b5 11.Be3 Qc7 12.Qd3 Be6 13.Rfd1 Rd8 14.Bg5 h6 15.Bxf6 Bxf6
16.Nd5 Bxd5 17.Qxd5 Nc6 18.c3 Rac8 19.h4 Ne7 20.Qd2 Qc5 21.Qxh6 Bg7 22.Qg5 f6
23.Qg4 Qc4 24.Qf3 Qe6 25.h5 f5 26.hxg6 fxe4 27.Qh5 Qxg6 28.Qxg6 Nxg6 29.Bxe4 Ne7
30.Bb7  1-0

[Event "II ch-Ibero-Americano Gp D"]
[Site "Morelia MEX"]
[Date "2008.02.17"]
[Round "3"]
[White "Arias,Le"]
[Black "Zambrana,O"]
[Result "1-0"]
[WhiteElo "2293"]
[BlackElo "2492"]

1.e4 c5 2.Nf3 d6 3.d4 cxd4 4.Nxd4 Nf6 5.Nc3 a6 6.g3 e5 7.Nb3 Nbd7 8.Bg2 b5
9.O-O Be7 10.a4 b4 11.Nd5 Nxd5 12.exd5 a5 13.Bd2 O-O 14.c3 bxc3 15.Bxc3 Qb6
16.Ra3 Bd8 17.Kh1 Nf6 18.Qd2 Qa6 19.Re1 Bb7 20.Raa1 Bb6 21.f4 Ng4 22.h3 Nf2+
23.Kh2 exf4 24.Qxf4 Nd3 25.Qg4 Ne5 26.Qe2 Qa7 27.Rad1 Ba6 28.Qd2 Bc4 29.Nd4 Bxd4
30.Bxd4 Qd7 31.Bxe5 dxe5 32.d6 Rab8 33.Qxa5 Rxb2 34.Qc3 Qb7 35.Rd2 Rxd2 36.Qxd2 Qd7
37.Rxe5 Rd8 38.a5 g6 39.Re7 Qb5 40.Qd4  1-0

[Event "XXIV Open"]
[Site "Cappelle La Grande FRA"]
[Date "2008.02.19"]
[Round "5"]
[White "Olszewski,Mi"]
[Black "Belov,Vl"]
[Result "1/2-1/2"]
[WhiteElo "2430"]
[BlackElo "2578"]

1.e4 c5 2.Nf3 d6 3.d4 cxd4 4.Nxd4 Nf6 5.Nc3 a6 6.g3 e5 7.Nb3 Nbd7 8.a4 b6
9.Bg2 Bb7 10.O-O Be7 11.Re1 h6 12.Nd2 O-O 13.Nc4 Nc5 14.b4 Ne6 15.Nd5 Nxd5
16.exd5 Rc8 17.Ne3 Ng5 18.Bb2 Qd7 19.Ra3 Nh7 20.f4 Rfe8 21.Be4 exf4 22.Bf5 Qd8
23.Ng4 Bf8 24.Rxe8 Qxe8 25.gxf4 Rc7 26.Nxh6+ Kh8 27.Rh3 Bc8 28.Bxc8 Rxc8
29.Qd3 Qe1+ 30.Kg2 Re8 31.Nxf7+ Kg8 32.Nh6+ Kh8 33.Nf7+ Kg8 34.Qxh7+ Kxf7
35.Qh5+ Kg8 36.Qh7+ Kf7 37.Qh5+ Kg8 38.Qh7+ Kf7 39.Rg3 Re2+ 40.Kh3 Qf1+  1/2-1/2